Indica. (Record no. 25971)

MARC details
000 -LEADER
fixed length control field 01268cas a2200397 4500
001 - CONTROL NUMBER
control field 11158709
005 - DATE AND TIME OF LATEST TRANSACTION
control field 20090430152422.0
007 - PHYSICAL DESCRIPTION FIXED FIELD--GENERAL INFORMATION
fixed length control field t|
008 - FIXED-LENGTH DATA ELEMENTS--GENERAL INFORMATION
fixed length control field 751101c19649999ii fr 0 a0eng
010 ## - LIBRARY OF CONGRESS CONTROL NUMBER
LC control number sa 66002480
022 ## - INTERNATIONAL STANDARD SERIAL NUMBER
International Standard Serial Number 0019-686X
Source 20
025 ## - OVERSEAS ACQUISITION NUMBER
Overseas acquisition number I-E-E-740
035 ## - SYSTEM CONTROL NUMBER
System control number (OCoLC)ocm01774666
040 ## - CATALOGING SOURCE
Original cataloging agency DLC
Transcribing agency MnMULS
Modifying agency CtY
-- AIP
-- NSDP
-- DLC
-- OCoLC
-- WaU
042 ## - AUTHENTICATION CODE
Authentication code nsdp
-- lcd
-- premarc
043 ## - GEOGRAPHIC AREA CODE
Geographic area code a-ii---
050 ## - LIBRARY OF CONGRESS CALL NUMBER
Classification number DS401
Item number .I53
210 ## - ABBREVIATED TITLE
Abbreviated title Indica
222 ## - KEY TITLE
Key title Indica
245 ## - TITLE STATEMENT
Title Indica.
260 ## - PUBLICATION, DISTRIBUTION, ETC. (IMPRINT)
Place of publication, distribution, etc Bombay,
Name of publisher, distributor, etc Heras Institute of Indian History and Culture, St. Xavier's College.
300 ## - PHYSICAL DESCRIPTION
Extent v.
Other physical details illus.
Dimensions 23 cm.
310 ## - CURRENT PUBLICATION FREQUENCY
Current publication frequency Semiannual
362 ## - DATES OF PUBLICATION AND/OR SEQUENTIAL DESIGNATION
Dates of publication and/or sequential designation v. 1- Mar. 1964-
550 ## - ISSUING BODY NOTE
Issuing body note Organ of the Heras Institute of Indian History and Culture.
590 ## - LOCAL NOTE (RLIN)
Local note SERBIB/SERLOC merged record
651 ## - SUBJECT ADDED ENTRY--GEOGRAPHIC NAME
Geographic name India
General subdivision Civilization
Form subdivision Periodicals.
710 ## - ADDED ENTRY--CORPORATE NAME
Corporate name or jurisdiction name as entry element Heras Institute of Indian History and Culture.
270 ## - ADDRESS
Address St Xavier's College Campus, Mahapalika Marg
City Mumbai
Postal code 400001
906 ## - LOCAL DATA ELEMENT F, LDF (RLIN)
a 7
b cbc
c serials
d u
e ncip
f 19
g n-oclcserc
936 ## - OCLC/CONSER MISCELLANEOUS DATA (OCLC); PIECE USED FOR CATALOGING (pre-AACR2) (RLIN)
OCLC control number(s) of parallel record(s) (OCLC); Piece used for cataloging, PUC (RLIN) Unknown
-- Sept. 2007
942 ## - ADDED ENTRY ELEMENTS (KOHA)
Source of classification or shelving scheme Dewey Decimal Classification
Item type Periodicals
Serial record 1
Holdings
Withdrawn status Lost status Source of classification or shelving scheme Damaged status Not for loan Collection code Home library Current library Date acquired Total Checkouts Date last seen Price effective from Koha item type
    Dewey Decimal Classification   Not For Loan Non-fiction D.B.Act.Division D.B.Act.Division 30/04/2009   30/04/2009 30/04/2009 Periodicals

© Delhi Public Library
Hit Counter
free hit counter